000 00691nam a2200205Ia 4500
003 GCL
008 140319s9999 xx 000 0 ara d
040 _aGCL /
_cGCL
082 0 4 _a882
_bا ا
100 1 _aامين سلامة
245 1 0 _aالموسوعة الكلاسيكية للمسرح اليونانى والرومانى: مسرحيات يوريبيدس /
_cامين سلامة
700 1 _aيوريبيديس
260 _a[S.N] :
_bمكتبة مدبولى
490 _a
650 0 4 _aالادب اليونانى
650 0 4 _aالمسرح اليونانى
650 0 4 _aالمسرح الرومانى
650 0 4 _aالمسرحيات اليونانية
942 _2ddc
_cBK
999 _c30019
_d30019